00482pab a2200145 454500008004000000100002600040245014400066260000900210300001400219362001200233650002200245650002800267650002000295773002100315180718b2004 xxu||||| |||| 00| 0 eng d aPandey, Arvind et.al. aAre too early, too quickly and too many births the high risk?: an analysis of infant mortality in India using national family health survey c2004 ap.127-57. aJul-Dec aMortality - India aChild mortality - India aChild mortality aDemography India